000 00873nam a2200217Ia 4500
003 GCL
005 20240530101814.0
008 140319s9999 xx 000 0 ara d
040 _aGCL /
_cGCL
082 0 4 _a330.962
_bق/ا ق
100 1 _aاحمد بديع بليح
245 1 0 _aقضية التنمية فى مصر :
_bتاريخيا منذ القرن التاسع عشر. مستقبليا فى التكتل الاقتصادى العربى /
_cاحمد بديع بليح
260 _aالقاهرة :
_bمنشاة المعارف الاسلامية
300 _a334 ص ؛
_c24 سم
490 _aالكتب الاقتصادية
_v0
650 0 4 _aالاقتصاد
650 0 4 _aالاقتصاد - مصر
650 0 4 _aمصر - الاحوال الاقتصادية
650 0 4 _aالعالم العربى - الاحوال الاقتصادية
942 _2ddc
_cBK
999 _c27834
_d27834